Desafíos por la vida : lecturas del Informe Final de la Comisión de la Verdad, desde el psicoanálisis en conversación con otros discursos /

Detalles Bibliográficos
Autor Corporativo: Nueva Escuela Lacaniana (Medellín, Colombia) (Autor)
Formato: Electrónico eBook
Lenguaje:español
Publicado: Bogotá : Editorial Aula de Humanidades, 2024.
Edición:Primera edición.
Colección:Colección general (Editorial Aula de Humanidades)
Materias:
Acceso en línea:Digitalia Hispánica

MARC

LEADER 00000nam a2200000 i 4500
001 DIGAUHUM0030
003 NyNyDIG
007 cr |||||||||||
008 250501s2024 ck ob 000 0 spa d
006 m o d
035 |a (OCoLC)1519505071 
040 |a DGITA  |b eng  |e rda  |e pn  |c DGITA 
020 |a 9786287700710  |q (versión digital) 
020 |z 9786287700703  |q (versión impresa) 
043 |a s-ck--- 
050 1 4 |a HN310.Z9 ebook 
245 0 0 |a Desafíos por la vida :  |b lecturas del Informe Final de la Comisión de la Verdad, desde el psicoanálisis en conversación con otros discursos /  |c investigación realizada por psicoanalistas, miembros, asociados y amigos de la Nueva Escuela Lacaniana (NEL). 
250 |a Primera edición. 
264 1 |a Bogotá :  |b Editorial Aula de Humanidades,  |c 2024. 
300 |a 1 online resource. 
336 |a text  |b txt  |2 rdacontent 
337 |a computer  |b c  |2 rdamedia 
338 |a online resource  |b cr  |2 rdacarrier 
347 |a text file  |2 rdaft 
347 |b PDF 
490 1 |a Colección general 
504 |a Includes bibliographical references. 
588 0 |a Online resource; title from PDF title page (Digitalia, viewed May 1, 2025) 
650 0 |a Political violence  |x Psychological aspects  |z Colombia. 
610 2 0 |a Colombia.  |b Comisión de la Verdad. 
650 0 |a Truth commissions  |z Colombia. 
710 2 |a Nueva Escuela Lacaniana (Medellín, Colombia),  |e author. 
791 2 |a Digitalia (Firm),  |e distributor. 
793 0 |g Digitalia eBook Collection:  |a Editorial Aula de Humanidades 
776 0 8 |i Print version:  |t Desafíos por la vida.  |b Primera edición.  |d Bogotá : Editorial Aula de Humanidades, [2024]  |z 9786287700703 
830 0 |a Colección general (Editorial Aula de Humanidades) 
856 4 0 |3 Digitalia Hispánica  |u https://www.digitaliapublishing.com/a/170618/ 
910 |a Premium collection: 2025